000 nam a22 a 4500
999 _c168679
_d168679
003 BLK
005 20220221111256.0
008 180411b bul|||||r ||||||| ||bul||
010 _aKNG00176600000
040 _aBLK
041 _aBUL
_cBUL
072 7 _2bullib
_aК
_xКраезнание
080 _aИзбори. - Плебисцити. Народно гласуване. Референдуми. Изборна борба. Резултати от избори. Вж и 342. 8
_b324
_x(497.215)
_z324(497.215)
080 _aИзбирателно право. Право на глас. Избирателни системи. Вж и 324; 329; 342.53
_b342.8
_x(497.215)
_z342.8(497.215)
110 _9310275
_aОбщина Русе
139 _aОбщина Русе
_bО 25
245 1 0 _aДопълнителен списък на избирателите мъже в гр. Русе за 1937 год.
257 _aBGR
260 _c1937
_fРусе : печ. Роглев
_aРусе
300 _a20 с.
_c32 см
380 _a3
500 _a400 тир.
650 4 _aИзбори - България
_9247738
651 4 _aРусе
_9179462
653 _aизбиратели
653 0 _aизбирателни списъци
_9389488
659 _aК
710 _9310275
_aОбщина Русе
852 _aІІ 21219
852 _aК 32/О-25
856 4 _qpdf
856 4 _qpdf
942 _cKNG
_n0
_s1
944 _aCR
_c12.06.2015
_kВаля_Йорданова
944 _aED
_c26.02.2016
_kВиолета_Тройчева
999 _d168679
999 _d168679
999 _d168679